000 00521nmm a2200169Ia 4500
008 251105s9999||||xx |||||||||||||||||und||
020 _a9789681651497
041 _aspa
100 _aCorcuera de la Mancera, Sonia
245 0 _aVoces y silencios en la historia :
_b Siglos XIX y XX
264 _a[México D.C., Mexico] :
_bFondo de Cultura Económica,
_c2013
300 _a424 páginas
490 _aHistoria
650 _aHistory (General)
856 _uhttps://public.digitaliapublishing.com/a/43284
942 _cCF
999 _c96832
_d96832